000 00502nam a2200193 a 4500
001 1766566529401
003 YourLibrary
005 20251226115024.0
008 251224s2006##################000#0#eng##
020 _a9780520241473
082 0 4 _a248.2
_bHAR
100 1 _aHarvey, Susan Ashbrook,
_eauthor.
245 1 0 _aScenting Salvation :
260 _bUniv of California Press,
_c2006.
300 _a442 pages
650 0 _aHistory.
942 _cENGLISH
040 _aYourLibrary
_beng
_cYourLibrary
999 _c604831
_d604831